[Event "Rilton Cup 51st"]
[Site "Stockholm"]
[Date "2024.01.04"]
[Round "8"]
[White "Makhija, Aashna"]
[Black "Kuznecova, Marija"]
[Result "1/2-1/2"]
[WhiteElo "2093"]
[BlackElo "2011"]
[PlyCount "148"]
[EventDate "2023.12.27"]
[EventType "swiss"]
[EventRounds "9"]
[EventCountry "SWE"]
[SourceTitle "CB02_2024"]
[SourceDate "2024.01.10"]
[SourceVersion "1"]
[SourceVersionDate "2024.01.10"]
[SourceQuality "1"]

1. e4 c5 2. c3 Nf6 3. e5 Nd5 4. Nf3 Nc6 5. Bc4 Nb6 6. Bb3 c4 7. Bc2 d6 8. exd6 e5 9. d4 cxd3 10. Bxd3 Bxd6 11. a4 a5 12. Qc2 h6 13. 0-0 0-0 14. Rd1 Be6 15. Na3 Qe7 16. Nb5 Bc5 17. Re1 Bg4 18. Bh7+ Kh8 19. Be4 Bxf3 20. Bxf3 f5 21. Bxc6 bxc6 22. Nd4 Qf6 23. Nb3 Bd6 24. Be3 Nc4 25. Bc5 Rab8 26. Bxd6 Qxd6 27. Rad1 Qe7 28. Rb1 f4 29. Qe2 Qf7 30. Nd2 Nxd2 31. Qxd2 f3 32. gxf3 Qxf3 33. Qe3 Qf5 34. Kh1 Rbd8 35. Rbd1 Rxd1 36. Rxd1 Qxf2 37. Qxf2 Rxf2 38. Re1 Rxb2 39. Rxe5 Rb3 40. Rxa5 Rxc3 41. Ra8+ Kh7 42. a5 Ra3 43. Kg2 c5 44. a6 c4 45. Rc8 Rxa6 46. Rxc4 Ra3 47. Rc5 Kg6 48. Rb5 Kf6 49. Rb6+ Kg5 50. Rb5+ Kh4 51. Rb4+ Kh5 52. Rb5+ g5 53. h3 Ra6 54. Rb4 Rf6 55. Kg3 Rf1 56. Ra4 Rg1+ 57. Kh2 Rb1 58. Kg3 Rb6 59. Rc4 Kg6 60. h4 Rb3+ 61. Kg2 Kh5 62. hxg5 hxg5 63. Ra4 Re3 64. Rb4 Re5 65. Kg3 Ra5 66. Rc4 Rf5 67. Rb4 Rf1 68. Kg2 Rc1 69. Ra4 Rc3 70. Rb4 Kg6 71. Rb5 Kh5 72. Rb4 Rc8 73. Kg3 Rc5 74. Ra4 Rb5 1/2-1/2

[Event "Rilton Cup 51st"]
[Site "Stockholm"]
[Date "2023.12.27"]
[Round "1"]
[White "Makhija, Aashna"]
[Black "Gombocz, Ferenc Jr"]
[Result "1-0"]
[WhiteElo "2093"]
[BlackElo "2330"]
[PlyCount "57"]
[EventDate "2023.12.27"]
[EventType "swiss"]
[EventRounds "9"]
[EventCountry "SWE"]
[SourceTitle "CB02_2024"]
[SourceDate "2024.01.10"]
[SourceVersion "1"]
[SourceVersionDate "2024.01.10"]
[SourceQuality "1"]

1. e4 e5 2. Nf3 Nc6 3. Bb5 a6 4. Ba4 d6 5. c4 Bd7 6. d4 exd4 7. Nxd4 Nge7 8. Nxc6 Nxc6 9. Nc3 g6 10. Bxc6 Bxc6 11. Qd4 Rg8 12. Be3 Bg7 13. Qd2 Qe7 14. f3 f5 15. Bg5 Bxc3 16. bxc3 Qe6 17. 0-0 Kd7 18. c5 fxe4 19. fxe4 Raf8 20. cxd6 Qxd6 21. Qe3 Rxf1+ 22. Rxf1 Qe6 23. Rf6 Qg4 24. Rf7+ Kc8 25. Qa7 Qd1+ 26. Rf1 Qg4 27. Qa8+ Kd7 28. Qxg8 Qxg5 29. Rd1+ 1-0

[Event "Suwalki Warakomska Memorial 7th"]
[Site "Suwalki"]
[Date "2023.08.12"]
[Round "7"]
[White "Makhija, Aashna"]
[Black "Campos, Maria Jose"]
[Result "1/2-1/2"]
[WhiteElo "2141"]
[BlackElo "2212"]
[PlyCount "31"]
[EventDate "2023.08.07"]
[EventType "swiss"]
[EventRounds "9"]
[EventCountry "POL"]
[SourceTitle "CBM 215 Extra"]
[Source "ChessBase"]
[SourceDate "2023.09.30"]
[SourceVersion "1"]
[SourceVersionDate "2023.09.30"]
[SourceQuality "1"]

1. e4 e5 2. Nf3 Nc6 3. Bb5 a6 4. Ba4 Nf6 5. 0-0 Bc5 6. c3 0-0 7. d4 Ba7 8. Bg5 h6 9. Bh4 exd4 10. Bxc6 dxc6 11. e5 dxc3 12. Qxd8 cxb2 13. Qd2 bxa1Q 14. exf6 Bf5 15. Nc3 Rad8 16. fxg7 1/2-1/2

[Event "Asian Continental (Women) op 20th"]
[Site "Almaty"]
[Date "2023.06.09"]
[Round "7"]
[White "Makhija, Aashna"]
[Black "Soumya, Swaminathan"]
[Result "1-0"]
[WhiteElo "2126"]
[BlackElo "2293"]
[PlyCount "93"]
[EventDate "2023.06.04"]
[EventType "swiss"]
[EventRounds "9"]
[EventCountry "KAZ"]
[SourceTitle "CBM 214 Extra"]
[Source "ChessBase"]
[SourceDate "2023.07.31"]
[SourceVersion "1"]
[SourceVersionDate "2023.07.31"]
[SourceQuality "1"]

1. e4 c5 2. c3 Nf6 3. e5 Nd5 4. Nf3 Nc6 5. Bc4 Nb6 6. Bb3 c4 7. Bc2 g6 8. Qe2 d5 9. exd6 Qxd6 10. Na3 Be6 11. b3 cxb3 12. axb3 Bg7 13. d4 Nd5 14. Nc4 Qc7 15. Bd2 0-0 16. Ng5 Bd7 17. Be4 Nb6 18. Nxb6 axb6 19. 0-0 Ra5 20. Nf3 Rfa8 21. Rxa5 Rxa5 22. b4 Ra3 23. Re1 Na7 24. Bd3 Nc8 25. Ne5 Be6 26. Nc4 Ra2 27. Ne3 Nd6 28. Bb1 Ra8 29. d5 Bd7 30. c4 e6 31. Rc1 Bb2 32. Rc2 Bd4 33. Rc1 e5 34. h3 f5 35. Nd1 Ra3 36. Be3 Bxe3 37. Nxe3 Nf7 38. Qb2 Ra8 39. c5 Rc8 40. Ba2 bxc5 41. bxc5 Kf8 42. d6 Qd8 43. Qxb7 f4 44. Ng4 Nxd6 45. Qd5 Bxg4 46. hxg4 Kg7 47. Rd1 1-0

[Event "Asian Continental (Women) op 20th"]
[Site "Almaty"]
[Date "2023.06.07"]
[Round "5"]
[White "Kurmangaliyeva, Liya"]
[Black "Makhija, Aashna"]
[Result "1/2-1/2"]
[WhiteElo "2264"]
[BlackElo "2126"]
[PlyCount "51"]
[EventDate "2023.06.04"]
[EventType "swiss"]
[EventRounds "9"]
[EventCountry "KAZ"]
[SourceTitle "CBM 214 Extra"]
[Source "ChessBase"]
[SourceDate "2023.07.31"]
[SourceVersion "1"]
[SourceVersionDate "2023.07.31"]
[SourceQuality "1"]

1. d4 d5 2. c4 e6 3. Nf3 a6 4. cxd5 exd5 5. Nc3 Nf6 6. Bg5 Be6 7. e3 Nbd7 8. Bd3 Bd6 9. Bh4 h6 10. 0-0 c6 11. Kh1 0-0 12. Nd2 Qc7 13. f4 Bg4 14. Qc2 Rae8 15. Rae1 c5 16. dxc5 Qxc5 17. Nb3 Qb6 18. h3 Bh5 19. Nd4 Rxe3 20. Rxe3 Qxd4 21. Qd2 Bc5 22. Ree1 Bg6 23. Rd1 Bxd3 24. Qxd3 Qxd3 25. Rxd3 d4 26. Ne2 1/2-1/2

[Event "Asian Continental (Women) op 20th"]
[Site "Almaty"]
[Date "2023.06.06"]
[Round "4"]
[White "Makhija, Aashna"]
[Black "Sukandar, Irine Kharisma"]
[Result "1/2-1/2"]
[WhiteElo "2126"]
[BlackElo "2383"]
[PlyCount "75"]
[EventDate "2023.06.04"]
[EventType "swiss"]
[EventRounds "9"]
[EventCountry "KAZ"]
[SourceTitle "CBM 214 Extra"]
[Source "ChessBase"]
[SourceDate "2023.07.31"]
[SourceVersion "1"]
[SourceVersionDate "2023.07.31"]
[SourceQuality "1"]

1. e4 e5 2. Nf3 Nc6 3. Bb5 a6 4. Ba4 Nf6 5. 0-0 Be7 6. d3 b5 7. Bb3 d6 8. a3 0-0 9. Nc3 Rb8 10. h3 Na5 11. Ba2 c5 12. Nd5 Nc6 13. c3 h6 14. b4 Re8 15. Nxf6+ Bxf6 16. Be3 Qe7 17. Bd5 Bb7 18. Qd2 Rec8 19. Rfc1 a5 20. Nh2 Ra8 21. Ng4 Nd8 22. Nxf6+ Qxf6 23. Bxb7 Nxb7 24. Rab1 axb4 25. axb4 Qe6 26. c4 bxc4 27. Rxc4 cxb4 28. Rxc8+ Rxc8 29. Rxb4 Qe7 30. Qb2 Nd8 31. Rb8 Rxb8 32. Qxb8 Kh7 33. Qa7 Nb7 34. Qb6 Qd7 35. d4 exd4 36. Qxd4 Qc6 37. Bf4 Kg8 38. Kh2 1/2-1/2

[Event "IND-chT (Women)"]
[Site "Pollachi"]
[Date "2023.02.12"]
[Round "3.2"]
[White "Makhija, Aashna"]
[Black "Poorna, Sri MK"]
[Result "1-0"]
[WhiteElo "2129"]
[BlackElo "1707"]
[PlyCount "69"]
[EventDate "2023.02.10"]
[EventType "team-swiss"]
[EventRounds "7"]
[EventCountry "IND"]
[SourceTitle "CBM 212 Extra"]
[Source "ChessBase"]
[SourceDate "2023.03.31"]
[SourceVersion "1"]
[SourceVersionDate "2023.03.31"]
[SourceQuality "1"]
[WhiteTeam "Maharashtra (W)"]
[BlackTeam "Tamil Nadu (W) II"]
[WhiteTeamCountry "IND"]
[BlackTeamCountry "IND"]

1. e4 c5 2. c3 Nf6 3. e5 Nd5 4. Nf3 e6 5. d4 cxd4 6. cxd4 d6 7. Bc4 Nc6 8. 0-0 Be7 9. Bd2 0-0 10. Nc3 Nxc3 11. Bxc3 dxe5 12. dxe5 Qc7 13. Rc1 Rd8 14. Qe2 Bd7 15. Bd3 Qb6 16. a3 a5 17. h4 Rac8 18. h5 g6 19. Rfe1 Be8 20. Qe4 Bc5 21. Re2 Ne7 22. hxg6 hxg6 23. Ng5 Rxd3 24. Qxd3 Nf5 25. Qh3 Bd4 26. Qh7+ Kf8 27. Bb4+ Bc5 28. Qh8+ Ke7 29. Bxc5+ Rxc5 30. Rd1 Nd4 31. Qf6+ Kf8 32. Rxd4 Rc1+ 33. Kh2 Rc8 34. Rh4 Kg8 35. Rh8# 1-0

[Event "IND-ch (Women) 48th"]
[Site "Hatkanangale"]
[Date "2022.12.31"]
[Round "6"]
[White "Makhija, Aashna"]
[Black "Gomes, Mary Ann"]
[Result "0-1"]
[WhiteElo "2123"]
[BlackElo "2320"]
[PlyCount "90"]
[EventDate "2022.12.26"]
[EventType "swiss"]
[EventRounds "11"]
[EventCountry "IND"]
[SourceTitle "CBM 212 Extra"]
[Source "ChessBase"]
[SourceDate "2023.03.31"]
[SourceVersion "1"]
[SourceVersionDate "2023.03.31"]
[SourceQuality "1"]

1. e4 c5 2. c3 d5 3. exd5 Qxd5 4. d4 g6 5. Nf3 Bg7 6. Nbd2 Nf6 7. Bc4 Qd8 8. dxc5 0-0 9. 0-0 Qc7 10. Qe2 Qxc5 11. Re1 Nc6 12. Nb3 Qd6 13. h3 b6 14. Nbd4 Bb7 15. Nxc6 Qxc6 16. Bf4 Rac8 17. Ba6 Nd5 18. Be5 Bxa6 19. Qxa6 f6 20. Nd4 Qd7 21. Bg3 e5 22. Nb5 Nc7 23. Nxc7 Qxc7 24. Qb5 Rfd8 25. Rad1 Bf8 26. Qb3+ Qf7 27. Qxf7+ Kxf7 28. f4 e4 29. Rxd8 Rxd8 30. Rxe4 Rd2 31. b4 Rxa2 32. Bf2 Ra1+ 33. Kh2 Bd6 34. Rd4 Ke6 35. Kg3 g5 36. Be3 Rf1 37. c4 gxf4+ 38. Bxf4 Rxf4 39. Rxd6+ Kxd6 40. Kxf4 a5 41. bxa5 bxa5 42. Ke4 Kc5 43. Kd3 f5 44. Kc3 f4 45. h4 h5 0-1

[Event "Asian Continental op (Women) 19th"]
[Site "Delhi"]
[Date "2022.11.01"]
[Round "7"]
[White "Makhija, Aashna"]
[Black "Parnali, S Dharia"]
[Result "1-0"]
[WhiteElo "2090"]
[BlackElo "2136"]
[PlyCount "37"]
[EventDate "2022.10.26"]
[EventType "swiss"]
[EventRounds "9"]
[EventCountry "IND"]
[SourceTitle "EXT 2024"]
[Source "ChessBase"]
[SourceDate "2023.10.10"]
[SourceVersion "1"]
[SourceVersionDate "2023.10.10"]
[SourceQuality "1"]

1. e4 e5 2. Nf3 d5 3. Nxe5 Bd6 4. d4 dxe4 5. Bc4 Bxe5 6. Qh5 Qe7 7. Qxe5 Qxe5 8. dxe5 Nc6 9. Nc3 Nxe5 10. Bb3 Ne7 11. Nxe4 Bf5 12. Ng3 0-0-0 13. 0-0 Bg6 14. f4 Ng4 15. f5 Nxf5 16. Nxf5 Rhe8 17. Nh4 Bh5 18. h3 Ne5 19. Bf4 1-0

[Event "Speed Chess (Women) Q2"]
[Site "Chess.com INT"]
[Date "2022.05.26"]
[Round "4"]
[White "Kazarian, Anna Maja"]
[Black "Makhija, Aashna"]
[Result "1-0"]
[WhiteElo "2135"]
[BlackElo "2090"]
[PlyCount "61"]
[EventDate "2022.05.26"]
[EventType "swiss (blitz)"]
[EventRounds "14"]
[EventCountry "USA"]
[SourceTitle "CBM 208 Extra"]
[Source "ChessBase"]
[SourceDate "2022.07.31"]
[SourceVersion "1"]
[SourceVersionDate "2022.07.31"]
[SourceQuality "1"]

1. e4 e5 2. Nf3 Nc6 3. Bb5 a6 4. Ba4 Nf6 5. d3 Bc5 6. 0-0 d6 7. c3 b5 8. Bb3 0-0 9. h3 h6 10. Be3 Bb6 11. Nbd2 Be6 12. Bc2 Bxe3 13. fxe3 d5 14. exd5 Nxd5 15. Qe2 f5 16. a4 Qd7 17. axb5 axb5 18. Rxa8 Rxa8 19. Nb3 Qe7 20. Qf2 Ra2 21. Rb1 Qd6 22. d4 e4 23. Nh4 Nde7 24. Nc5 g5 25. Nxf5 Nxf5 26. Bxe4 Nfe7 27. Rf1 Ra8 28. Nb7 Qd7 29. Qf6 Bd5 30. Bg6 Qd6 31. Nxd6 1-0

[Event "Skalica op"]
[Site "Skalica"]
[Date "2021.08.27"]
[Round "7"]
[White "Makhija, Aashna"]
[Black "Kawulok, Marek"]
[Result "0-1"]
[WhiteElo "1969"]
[BlackElo "2203"]
[PlyCount "50"]
[EventDate "2021.08.21"]
[EventType "swiss"]
[EventRounds "9"]
[EventCountry "SVK"]
[SourceTitle "CBM 204 Extra"]
[Source "ChessBase"]
[SourceDate "2021.11.30"]
[SourceVersion "1"]
[SourceVersionDate "2021.11.30"]
[SourceQuality "1"]

1. e4 e5 2. Nf3 Nc6 3. Bc4 Nf6 4. d3 Be7 5. 0-0 0-0 6. Re1 d6 7. a4 Kh8 8. a5 a6 9. c3 Ng8 10. d4 f5 11. d5 fxe4 12. Nfd2 e3 13. fxe3 Nb8 14. e4 Nd7 15. Nf3 Ndf6 16. Nbd2 c6 17. dxc6 bxc6 18. Be2 Qc7 19. h3 d5 20. Bd3 Bc5+ 21. Kh2 Nh6 22. g3 Qd7 23. Bf1 Nhg4+ 24. hxg4 Nxg4+ 25. Kg2 Nf2 0-1

[Event "Speed Chess (Women) Q3"]
[Site "Chess.com INT"]
[Date "2021.05.30"]
[Round "14"]
[White "Bommini, Mounika Akshaya"]
[Black "Makhija, Aashna"]
[Result "0-1"]
[WhiteElo "2029"]
[BlackElo "1969"]
[PlyCount "64"]
[EventDate "2021.05.30"]
[EventType "swiss (blitz)"]
[EventRounds "21"]
[EventCountry "USA"]
[SourceTitle "CBM 202 Extra"]
[Source "ChessBase"]
[SourceDate "2021.07.31"]
[SourceVersion "1"]
[SourceVersionDate "2021.07.31"]
[SourceQuality "1"]

1. d4 e6 2. c4 d5 3. Nc3 Nf6 4. cxd5 exd5 5. Bf4 c6 6. e3 Bd6 7. Bg3 Bf5 8. Bd3 Bxd3 9. Qxd3 0-0 10. Nge2 a5 11. Bh4 Be7 12. 0-0 Re8 13. Ng3 g6 14. f3 Nbd7 15. e4 dxe4 16. fxe4 Ng4 17. Bxe7 Qxe7 18. e5 f5 19. Nxf5 gxf5 20. Qxf5 Ne3 21. Qf4 Nxf1 22. Rxf1 Rf8 23. Qg3+ Kh8 24. Rxf8+ Rxf8 25. Ne4 Qg7 26. Qh3 Nb6 27. Nf6 Nd5 28. Nxd5 cxd5 29. g3 Qf7 30. Qg2 Qf5 31. h3 Qb1+ 32. Kh2 Qe1 0-1

[Event "Speed Chess (Women) Q3"]
[Site "Chess.com INT"]
[Date "2021.05.30"]
[Round "2"]
[White "Enkhtuul, Altanulzii"]
[Black "Makhija, Aashna"]
[Result "1-0"]
[WhiteElo "2228"]
[BlackElo "1969"]
[PlyCount "145"]
[EventDate "2021.05.30"]
[EventType "swiss (blitz)"]
[EventRounds "21"]
[EventCountry "USA"]
[SourceTitle "CBM 202 Extra"]
[Source "ChessBase"]
[SourceDate "2021.07.31"]
[SourceVersion "1"]
[SourceVersionDate "2021.07.31"]
[SourceQuality "1"]

1. d4 Nf6 2. Nf3 d5 3. Nc3 e6 4. Bg5 Be7 5. Qd3 Nbd7 6. e4 dxe4 7. Nxe4 Nxe4 8. Bxe7 Qxe7 9. Qxe4 Nf6 10. Qe2 0-0 11. c3 b6 12. Qc2 Bb7 13. Ne5 c5 14. dxc5 Qxc5 15. Nd3 Qc7 16. 0-0-0 b5 17. Kb1 a5 18. f3 Rab8 19. Rc1 Rfd8 20. Be2 Bd5 21. g4 Nd7 22. b3 Nc5 23. Nxc5 Qxc5 24. Rhf1 a4 25. b4 Qc6 26. Ka1 Bc4 27. Bxc4 Qxc4 28. Qe4 Qxe4 29. fxe4 Rbc8 30. Kb2 Kf8 31. Rc2 Ke7 32. Rf3 Rd1 33. Rcf2 f6 34. e5 Rcd8 35. exf6+ gxf6 36. Kc2 Ra1 37. Kb2 Rad1 38. c4 bxc4 39. Kc3 R1d3+ 40. Kxc4 Rxf3 41. Rxf3 Rd2 42. a3 Rxh2 43. b5 Rc2+ 44. Kb4 Rb2+ 45. Kxa4 e5 46. Ka5 Kd6 47. b6 e4 48. Rxf6+ Ke5 49. Rf5+ Kd4 50. Ka6 e3 51. Rf4+ Kd3 52. Rf3 Kd2 53. b7 e2 54. Rf2 Kd1 55. Rxe2 Kxe2 56. Ka7 Kf3 57. b8Q Rxb8 58. Kxb8 Kxg4 59. a4 h5 60. a5 h4 61. a6 h3 62. a7 h2 63. a8Q Kg3 64. Qh1 Kh3 65. Kb7 Kg3 66. Kb6 Kf2 67. Kb5 Kg3 68. Kc4 Kf2 69. Kd3 Kg3 70. Ke4 Kh3 71. Ke3 Kg3 72. Qf3+ Kh4 73. Qg2 1-0

[Event "Speed Chess (Women) Q3"]
[Site "Chess.com INT"]
[Date "2021.05.30"]
[Round "9"]
[White "Eswaran, Aksithi"]
[Black "Makhija, Aashna"]
[Result "0-1"]
[WhiteElo "1745"]
[BlackElo "1969"]
[PlyCount "66"]
[EventDate "2021.05.30"]
[EventType "swiss (blitz)"]
[EventRounds "21"]
[EventCountry "USA"]
[SourceTitle "CBM 202 Extra"]
[Source "ChessBase"]
[SourceDate "2021.07.31"]
[SourceVersion "1"]
[SourceVersionDate "2021.07.31"]
[SourceQuality "1"]

1. e4 e6 2. d4 d5 3. e5 c5 4. c3 Nc6 5. Nf3 Qb6 6. a3 Nh6 7. b4 cxd4 8. cxd4 Nf5 9. Bb2 Bd7 10. g4 Nfe7 11. Be2 Rc8 12. Nc3 Ng6 13. Rc1 Nf4 14. Na4 Qd8 15. Nc5 Bxc5 16. dxc5 Nxe2 17. Qxe2 a6 18. Nd4 Nxd4 19. Bxd4 Bb5 20. Qe3 Qh4 21. h3 0-0 22. Ra1 b6 23. a4 bxc5 24. axb5 cxd4 25. Qxd4 axb5 26. Qe3 Rc4 27. 0-0 Rxb4 28. Ra7 h5 29. f3 Qg3+ 30. Kh1 Qxh3+ 31. Kg1 Qg3+ 32. Kh1 Rb2 33. Qg1 Qh3+ 0-1

[Event "Speed Chess (Women) Q3"]
[Site "Chess.com INT"]
[Date "2021.05.30"]
[Round "15"]
[White "Makhija, Aashna"]
[Black "Arpita, Mukherjee"]
[Result "1-0"]
[WhiteElo "1969"]
[BlackElo "2206"]
[PlyCount "61"]
[EventDate "2021.05.30"]
[EventType "swiss (blitz)"]
[EventRounds "21"]
[EventCountry "USA"]
[SourceTitle "CBM 202 Extra"]
[Source "ChessBase"]
[SourceDate "2021.07.31"]
[SourceVersion "1"]
[SourceVersionDate "2021.07.31"]
[SourceQuality "1"]

1. e4 c5 2. c3 d6 3. d4 e5 4. dxe5 dxe5 5. Qxd8+ Kxd8 6. Nf3 f6 7. Be3 Nc6 8. Nbd2 Kc7 9. Be2 Be6 10. 0-0 Nge7 11. Bc4 Bxc4 12. Nxc4 Ng6 13. a4 Be7 14. g3 Rad8 15. h4 h5 16. Rfd1 Rxd1+ 17. Rxd1 Rd8 18. Rxd8 Kxd8 19. Ne1 Nf8 20. Nd3 Ne6 21. f4 Kc7 22. f5 Ned8 23. Bxc5 Nf7 24. Bxe7 Nxe7 25. Nc5 b6 26. Ne6+ Kc6 27. Nxg7 Kc5 28. Nd2 Nc8 29. Nxh5 Ncd6 30. Nxf6 Nh6 31. g4 1-0

[Event "Speed Chess (Women) Q3"]
[Site "Chess.com INT"]
[Date "2021.05.30"]
[Round "6"]
[White "Makhija, Aashna"]
[Black "Ziegenfuss, Antonia"]
[Result "0-1"]
[WhiteElo "1969"]
[BlackElo "2157"]
[PlyCount "66"]
[EventDate "2021.05.30"]
[EventType "swiss (blitz)"]
[EventRounds "21"]
[EventCountry "USA"]
[SourceTitle "CBM 202 Extra"]
[Source "ChessBase"]
[SourceDate "2021.07.31"]
[SourceVersion "1"]
[SourceVersionDate "2021.07.31"]
[SourceQuality "1"]

1. e4 c5 2. c3 Nf6 3. e5 Nd5 4. Nf3 e6 5. Bc4 Nc6 6. 0-0 d6 7. d4 dxe5 8. dxe5 Be7 9. Qe2 Qc7 10. Rd1 Nb6 11. Bb3 Bd7 12. Bc2 0-0-0 13. a4 Na5 14. Be3 h5 15. Nbd2 f6 16. exf6 gxf6 17. Rab1 Kb8 18. b4 cxb4 19. cxb4 Nac4 20. Bxb6 Nxb6 21. a5 Nd5 22. Be4 Nc3 23. Qe3 Nxb1 24. Rxb1 Bb5 25. Nb3 f5 26. Nbd4 fxe4 27. Nxb5 Qc2 28. Rc1 Rd1+ 29. Ne1 Qxc1 30. Qxa7+ Kc8 31. Qa8+ Kd7 32. Qxb7+ Ke8 33. Qb8+ Kf7 0-1

[Event "Speed Chess (Women) Q3"]
[Site "Chess.com INT"]
[Date "2021.05.30"]
[Round "4"]
[White "Pourkashiyan, Atousa"]
[Black "Makhija, Aashna"]
[Result "1-0"]
[WhiteElo "2322"]
[BlackElo "1969"]
[PlyCount "77"]
[EventDate "2021.05.30"]
[EventType "swiss (blitz)"]
[EventRounds "21"]
[EventCountry "USA"]
[SourceTitle "CBM 202 Extra"]
[Source "ChessBase"]
[SourceDate "2021.07.31"]
[SourceVersion "1"]
[SourceVersionDate "2021.07.31"]
[SourceQuality "1"]

1. e4 e6 2. d4 d5 3. Nd2 Be7 4. Bd3 c5 5. dxc5 Nf6 6. Qe2 0-0 7. Ngf3 a5 8. e5 Nfd7 9. c3 Na6 10. h4 h6 11. Nf1 Naxc5 12. Bc2 b5 13. Ng3 b4 14. h5 Ba6 15. Qe3 bxc3 16. bxc3 Qb6 17. Rb1 Qc7 18. Nd4 Qxe5 19. Nc6 Qxe3+ 20. Bxe3 Bd6 21. Ne2 Rac8 22. Nxa5 Ne5 23. Nb3 Ncd3+ 24. Kd2 Nc5 25. Nxc5 Bxc5 26. Bxc5 Rxc5 27. Rb3 Rfc8 28. Rhb1 Nc4+ 29. Ke1 Ne5 30. f3 Nd3+ 31. Bxd3 Bxd3 32. R1b2 Kf8 33. Nc1 Rxc3 34. Nxd3 Rxb3 35. Rxb3 f6 36. Rb2 e5 37. Kd2 Ke7 38. Rc2 Kd6 39. Rxc8 1-0